Competencias y epistemología de la formación posgradual en psicología : una revisión desde sus campos aplicados /

Detalles Bibliográficos
Autor principal: Avendaño Prieto, Bertha Lucía (Autor)
Otros Autores: Jiménez Ardila, Luis Orlando (Editor)
Formato: Electrónico eBook
Lenguaje:español
Publicado: Bogotá, D. C. : Universidad Católica de Colombia, [2023]
Edición:Primera edición.
Colección:Colección Logos signum ; 10.
Materias:
Acceso en línea:Digitalia Hispánica

MARC

LEADER 00000nam a2200000Ii 4500
001 DIGUCCK0158
003 NyNyDIG
006 m o d
007 cr |||||||||||
008 241101s2023 ck ob 000 0 spa d
035 |a (OCoLC)1430477210 
040 |a DGITA  |b eng  |e rda  |e pn  |c DGITA 
020 |a 9786287554641  |q digital 
020 |z 9786287554634  |q impreso 
050 1 4 |a BF636 ebook 
245 0 0 |a Competencias y epistemología de la formación posgradual en psicología :  |b una revisión desde sus campos aplicados /  |c editor, Luis Orlando Jiménez Ardila ; autores, Bertha Lucía Avendaño Prieto [and 9 others]. 
250 |a Primera edición. 
264 1 |a Bogotá, D. C. :  |b Universidad Católica de Colombia,  |c [2023] 
300 |a 1 online resource. 
336 |a text  |b txt  |2 rdacontent 
337 |a computer  |b c  |2 rdamedia 
338 |a online resource  |b cr  |2 rdacarrier 
347 |a text file  |2 rdaft 
347 |b PDF 
490 1 |a Colección Logos signum ;  |v 10 
504 |a Includes bibliographical references. 
588 0 |a Online resource; title from PDF title page (Digitalia, viewed November 1, 2024) 
650 0 |a Psychology, Applied. 
650 0 |a Harassment  |x Psychological aspects. 
650 0 |a Work and family  |x Psychological aspects. 
650 0 |a Social psychology. 
650 0 |a Educational psychology. 
650 0 |a Law  |x Psychological aspects. 
700 1 |a Jiménez Ardila, Luis Orlando,  |e editor. 
700 1 |a Avendaño Prieto, Bertha Lucía,  |e author. 
791 2 |a Digitalia (Firm),  |e distributor. 
793 0 |g Digitalia eBook Collection:  |a Universidad Católica de Colombia 
776 0 8 |i Print version:  |t Competencias y epistemología de la formación posgradual en psicología.  |b Primera edición.  |d Bogotá, D. C. : Universidad Católica de Colombia,[2023]  |z 9786287554634 
830 0 |a Colección Logos signum ;  |v 10. 
856 4 0 |3 Digitalia Hispánica  |u https://www.digitaliapublishing.com/a/160432/ 
910 |a Premium collection: 2024